Devine le personnage disney/pixar #6 - Statistiques

Statistiques générales
  • Ce quiz a été pris 625 fois
  • Le résultat moyen est 7 sur 10
Statistiques - réponses
Hint Indice Réponse % Correct
2 Blonde, lapin, petit fille Alice
95%
7 Grecque, dieu, force Hercule
93%
5 Méchante, océan Ursula
88%
3 Fille, enfant perdu, pays imaginaire Wendy
87%
4 Princesse, sortilège, blonde Aurore
81%
1 Animal, foret, chasseur Bambi
77%
9 Super héros, bébé, pouvoirs Jack jack
63%
8 Bleu, extraterrestre Stitch
61%
6 Méchant, tueur, cicatrice Scar
56%
10 Rat, adore manger Émile
36%
Aucun quiz correspondant
Distribution des résultats
% des personnes avec chaque résultat
Percentile par nombre de réponses
Votre historique - résultats
Vous n’avez pas pris ce quiz